Автоматизированные системы и комплексы для обработки экспериментальных данных

Detalhes bibliográficos
Autor principal: Ташимов М. А. Малай Алькинич
Autor Corporativo: Академия наук Казахской ССР (АН КазССР) Институт физики высоких энергий
Idioma:russo
Publicado em: Алма-Ата, Наука, 1990
Assuntos:
Formato: MixedMaterials Livro
KOHA link:https://koha.lib.tpu.ru/cgi-bin/koha/opac-detail.pl?biblionumber=195560

MARC

LEADER 00000nam0a2200000 4500
001 195560
005 20231031182853.0
010 |a 5628001643 
020 |a RU  |b 90-64536 
035 |a (RuTPU)RU\TPU\book\213365 
090 |a 195560 
100 |a 20110512d1990 k y0rusy5003 ca 
101 0 |a rus 
102 |a KZ 
105 |a a z 001zy 
200 1 |a Автоматизированные системы и комплексы для обработки экспериментальных данных  |f М. А. Ташимов  |g Академия наук Казахской ССР (АН КазССР), Институт физики высоких энергий 
210 |a Алма-Ата  |c Наука  |d 1990 
215 |a 227 с.  |c ил.  |d 20 см 
320 |a Библиогр.: с. 213-225 (159 назв.) 
610 1 |a ядерные исследования 
610 1 |a результаты 
610 1 |a ЭВМ 
610 1 |a автоматизированные системы 
610 1 |a обработка 
675 |a 539.14  |z rus  |v 3 
700 1 |a Ташимов  |b М. А.  |g Малай Алькинич  |4 070 
712 0 2 |a Академия наук Казахской ССР (АН КазССР)  |b Институт физики высоких энергий  |c (Алма-Ата)  |2 stltpush  |3 (RuTPU)RU\TPU\col\4941 
801 0 |a RU  |b RuMRKP  |c 19950417  |g psbo 
801 1 |a RU  |b 63413507  |c 20110512 
801 2 |a RU  |b 63413507  |c 20180824  |g RCR 
942 |c BK